000 11255cam a2202065 a 4500
001 12130797
003 LIBRIS
005 20230619103417.0
008 110328s2011 sw |||||||||||000 0|swe|
020 _a9789144075556
035 _a(Bo)474362
040 _aLGEN
_dLnuK
_dS
_ea
041 1 _aswe
_heng
060 4 _aWM 203.5
082 0 4 _a616.858832
_222/swe
084 _aVlada
_2kssb/8
084 _aVlada
_2kssb/8
100 1 _aAttwood, Tony
240 1 4 _aThe complete guide to Asperger's syndrome.
_lSvenska
245 1 4 _aDen kompletta guiden till Aspergers syndrom /
_cTony Attwood ; översättning: Håkan Järvå.
250 _a2. uppl.
264 1 _aLund :
_bStudentlitteratur,
_c2011
264 3 _aMalmö :
_bHolmbergs
300 _a448 s.
_c22 cm
340 _b22 cm
500 _5Ufa
_aEj fjärrlån
505 8 _aVad är Aspergers syndrom -- Diagnosen -- Social förståelse och vänskap -- Trakasserier och mobbning -- Theory of mind -- Att förstå och uttrycka känslor -- Specialintressen -- Språket -- Kognitiva förmågor -- Kroppsrörelse och koordination -- Sensorisk överkänslighet -- Livet efter skolan: utbildning och karriär -- Långvariga relationer -- Psykoterapi -- Vanliga frågor.
650 7 _aAspergers syndrom
_0https://id.kb.se/term/sao/Aspergers%20syndrom
_2sao
650 2 _aAsperger Syndrome
650 0 _aAspergers syndrome
653 _aAspergers syndrom
655 7 _aHandböcker, manualer etc.
_0https://id.kb.se/term/saogf/Handb%C3%B6cker%2C%20manualer%20etc.
_2saogf
700 1 _aJärvå, Håkan,
_c1958-
_4trl
_0https://libris.kb.se/fcrv2mrz56z11wg#it
852 _dVla
887 _a{"@id":"k3wxj5jw4hwc6ds","modified":"2017-10-26T08:58:24+02:00","checksum":"30784105253"}
_2librisxl
887 _a{"@id":"glsfvk2m5c993kq","modified":"2014-04-01T11:49:59+02:00","checksum":"47775129179"}
_2librisxl
887 _a{"@id":"v06gdvn1038nfmc","modified":"2011-06-29T14:23:00+02:00","checksum":"28924882249"}
_2librisxl
887 _a{"@id":"15cm16h65c5l1zx","modified":"2011-07-05T14:21:48+02:00","checksum":"33338211266"}
_2librisxl
887 _a{"@id":"pt196r6v53brmcd","modified":"2011-06-22T13:47:50+02:00","checksum":"34572508538"}
_2librisxl
887 _a{"@id":"gls4x7hm1pdbrdc","modified":"2011-10-20T13:56:08+02:00","checksum":"29469626130"}
_2librisxl
887 _a{"@id":"15cmxh164l26lmd","modified":"2011-11-08T10:47:20+01:00","checksum":"53474162950"}
_2librisxl
887 _a{"@id":"v06s7c6151vlt8q","modified":"2014-02-07T14:23:22+01:00","checksum":"50558180302"}
_2librisxl
887 _a{"@id":"6bjtbxvc41l7zzk","modified":"2013-01-21T14:10:35+01:00","checksum":"50720009251"}
_2librisxl
887 _a{"@id":"mrz9xt4s253bcmf","modified":"2017-02-06T15:59:35+01:00","checksum":"47541047794"}
_2librisxl
887 _a{"@id":"fkr1c1bl2j8b8zt","modified":"2011-06-21T08:33:13+02:00","checksum":"60850018954"}
_2librisxl
887 _a{"@id":"37fx27f842w7kzb","modified":"2013-05-27T08:13:27+02:00","checksum":"64189817650"}
_2librisxl
887 _a{"@id":"37f4b9384kdg2r9","modified":"2014-07-18T15:14:24+02:00","checksum":"35285828058"}
_2librisxl
887 _a{"@id":"z39sb1c43ptrtxc","modified":"2016-03-07T10:15:43+01:00","checksum":"48641981976"}
_2librisxl
887 _a{"@id":"rw3bqt5x0qg5f7f","modified":"2011-05-05T10:58:45+02:00","checksum":"60294001250"}
_2librisxl
887 _a{"@id":"8dlv46gf5bq35br","modified":"2011-07-01T11:33:49+02:00","checksum":"53706990974"}
_2librisxl
887 _a{"@id":"tz5g3cr00p8hm36","modified":"2020-02-26T14:08:51.21+01:00","checksum":"36193414726"}
_2librisxl
887 _a{"@id":"7cktj50d3l635hj","modified":"2018-01-23T16:04:19+01:00","checksum":"30455726937"}
_2librisxl
887 _a{"@id":"59h1xpmb3rgvxk4","modified":"2013-09-09T13:34:07+02:00","checksum":"55190120299"}
_2librisxl
887 _a{"@id":"chp1f4cj2z2fbqb","modified":"2011-12-29T15:57:10+01:00","checksum":"65968935757"}
_2librisxl
887 _a{"@id":"djqzhwvk1dcj1k6","modified":"2011-05-11T09:15:23+02:00","checksum":"58902897983"}
_2librisxl
887 _a{"@id":"48gq2bd92cm0s9x","modified":"2013-11-04T11:01:48+01:00","checksum":"34710925104"}
_2librisxl
887 _a{"@id":"djq1n2sk2041vzv","modified":"2015-08-10T15:07:56+02:00","checksum":"60534917664"}
_2librisxl
887 _a{"@id":"37fnpd383kq46fl","modified":"2016-07-11T13:08:23+02:00","checksum":"63674703340"}
_2librisxl
887 _a{"@id":"37fnrn385twhmrv","modified":"2017-10-24T15:08:12+02:00","checksum":"39968452756"}
_2librisxl
887 _a{"@id":"lqx6ch1r290jfdx","modified":"2017-10-23T14:58:48+02:00","checksum":"32961904966"}
_2librisxl
887 _a{"@id":"mr0sb8cs43k3rwf","modified":"2015-06-22T10:47:14+02:00","checksum":"57688584579"}
_2librisxl
887 _a{"@id":"26d4jkr73lsmjdd","modified":"2014-11-06T14:33:18+01:00","checksum":"63255019788"}
_2librisxl
887 _a{"@id":"sx4crqhz3ctrvx2","modified":"2011-05-05T08:34:00+02:00","checksum":"28636917338"}
_2librisxl
887 _a{"@id":"59hsdk1b24j7wcb","modified":"2011-08-09T15:27:34+02:00","checksum":"31829565841"}
_2librisxl
887 _a{"@id":"15cr4hb6071nggd","modified":"2016-10-17T10:26:45+02:00","checksum":"29376444554"}
_2librisxl
887 _a{"@id":"ns1xnf5t4zz72wt","modified":"2016-01-25T08:17:02+01:00","checksum":"60308108380"}
_2librisxl
887 _a{"@id":"sx5bsmdz2r6qhqt","modified":"2017-03-03T16:12:47+01:00","checksum":"70226000837"}
_2librisxl
887 _a{"@id":"pt2vkb1v5qr8f9b","modified":"2015-09-07T18:21:24+02:00","checksum":"67373143550"}
_2librisxl
887 _a{"@id":"15c51w4649wm307","modified":"2015-04-15T11:58:22+02:00","checksum":"63588002062"}
_2librisxl
887 _a{"@id":"15dg4jq606cp6c5","modified":"2017-11-27T09:32:54+01:00","checksum":"66735112064"}
_2librisxl
887 _a{"@id":"7cks9qcd1pbvsp7","modified":"2014-10-16T15:49:33+02:00","checksum":"38755339914"}
_2librisxl
887 _a{"@id":"w17sj5622gwh2v4","modified":"2020-01-28T12:33:51.136+01:00","checksum":"59973469018"}
_2librisxl
887 _a{"@id":"8dlxjgjf3w81kwr","modified":"2011-09-21T13:45:26+02:00","checksum":"59188819279"}
_2librisxl
887 _a{"@id":"bgnw029h5v3z0wr","modified":"2011-04-19T13:29:24+02:00","checksum":"60973673431"}
_2librisxl
887 _a{"@id":"djq2cpqk2wm08t6","modified":"2012-07-23T13:55:02+02:00","checksum":"60747200642"}
_2librisxl
887 _a{"@id":"6bjr82lc27lrvb6","modified":"2018-04-10T11:00:44+02:00","checksum":"33610532177"}
_2librisxl
887 _a{"@id":"w17k9q820xtzzb0","modified":"2012-08-20T16:18:20+02:00","checksum":"25010808191"}
_2librisxl
887 _a{"@id":"6bjs4qdc0slkxpl","modified":"2011-06-20T15:50:05+02:00","checksum":"55670815504"}
_2librisxl
887 _a{"@id":"chq19x6j2hxk2bw","modified":"2020-02-19T18:02:46.99+01:00","checksum":"62028024514"}
_2librisxl
942 _2z
_cBOOK
949 _5Gm
_61001821925
_aVlad 11.9
_tYNNNN
999 _c1590